|
|
|
|
| LEADER |
00000nam a22000007a 4500 |
| 005 |
20191009000351.0 |
| 007 |
cr|||| |||| |
| 008 |
191009s2019 cu |||||s|||| 00||0 spa d |
| 020 |
|
|
|a 9786139411993
|
| 035 |
|
|
|a 29548
|
| 040 |
|
|
|a vLex
|
| 090 |
|
|
|c 9741
|d 9741
|
| 100 |
1 |
|
|a Arias Sǹchez, Arturo Manuel
|
| 245 |
1 |
0 |
|a Breviario Constitucional Cubano
|h [Recurso electrn̤ico] /
|c Arturo Manuel Arias Sǹchez
|
| 256 |
|
|
|a Servicio en ln̕ea
|
| 260 |
|
|
|a La Habana:
|b Editorial Acadm̌ica Espaǫla,
|c 2019
|
| 300 |
|
|
|a 1 recurso electrn̤ico
|
| 500 |
|
|
|a Con el tt̕ulo Breviario Constitucional Cubano el autor coteja las Constituciones de su pas̕, promulgadas despuš de la victoria revolucionaria del 1 de enero de 1959, a cuyo amparo, tras casi veinte aǫs de vida nacional tutelada bajo una Ley Fundamental provisional, emergen los nuevos textos constitucionales cuyos acentuados tintes reguladores apuntan hacia una sociedad socialista de predominio econm̤ico, asentado en la propiedad estatal sobre los principales medios de produccin̤. Con la proclamacin̤ de la Carta Magna cubana de 2019 advierte en ella, al vaivň de los cambiantes tiempos, una adecuacin̤ de su letra atemperada a estos, en dism̕iles instituciones jurd̕icas tales como nuevas formas de propiedad admitidas en el pas̕, la virtualidad de la doble ciudadana̕ y del matrimonio igualitario, entre otras. El texto contiene reflexiones del autor en relacin̤ con estos extremos, amň de explicaciones sobre voces del argot jurd̕ico, poco comunes, utilizadas en su redaccin̤, y concluye con acertijos y entresijos para incentivar el conocimiento en sus lectores.
|
| 506 |
1 |
|
|a Disponible solo en los productos indicados
|d vLex Global
|d vLex Global (Academic Edition, excluding Law Schools)
|d vLex Global (U.S. Academic Edition, Law Schools)
|d vLex Global (U.S. Academic Edition, excluding Law Schools)
|d vLex Global (Academic Edition, Law Schools)
|
| 650 |
0 |
4 |
|a Derecho Pb︢lico y Administrativo
|z Cuba
|
| 740 |
0 |
|
|a vLex Libros (Servicio en ln̕ea)
|
| 856 |
4 |
0 |
|u http://vlex.com/source/29548
|z Acceso restringido
|
| 942 |
|
|
|c BOOK
|
| 999 |
0 |
|
|a Public and Administrative Law
|